| 000 | 00981nam a22003017a 4500 | ||
|---|---|---|---|
| 001 | 7190 | ||
| 003 | FISKH | ||
| 005 | 20250702091043.0 | ||
| 008 | 250702b cb ||||| |||| 00| 0 eng d | ||
| 020 | _a9780439469593 | ||
| 040 |
_aFISKH _beng _cFISKH _dFISKH |
||
| 050 | _a PZ7.S1185 M | ||
| 082 | _a813.54 | ||
| 100 |
_aSachar, Louis _d(1954-) |
||
| 245 |
_aMarvin redpost : _bA magic crystal? / _cBy Louis Sachar / Illustrated by Amy Wummer |
||
| 250 | _aThis edition first published in 2003 | ||
| 260 |
_aNew York : _bScholastic, _c2000 |
||
| 300 |
_a81 pages : _billustrations ; _c20 cm |
||
| 505 | _aN | ||
| 520 | _aWhen Marvin Redpost's new friend Casey shares with him her magic crystal that can make wishes come true, things get out of control. | ||
| 521 | 8 |
_a550
_bLexile |
|
| 521 | 8 |
_aN
_bRaz-Plus |
|
| 650 |
_2Marvin Redpost _aMagic |
||
| 650 |
_2No scan _aMorning Books |
||
| 700 |
_aWummer, Amy _dillustrator |
||
| 942 |
_2ddc _cBK _n0 |
||
| 999 |
_c7190 _d7190 |
||